| 000 | 00378nam a2200133 i 4500 | ||
|---|---|---|---|
| 001 | bg | ||
| 100 | 1 | _aSKRYNICKI, Jarosław | |
| 245 | 0 |
_aLaboratorium napędu i sterowania pneumatycznego i hydraulicznego / _cJarosław Skrynicki ; Politechnika Lubelska. |
|
| 260 |
_aLublin, _c1988. |
||
| 040 | _cBPK | ||
| 041 | _apol | ||
| 942 | _cKS | ||
| 008 | s pl f |000 0 pol | ||
| 999 |
_c3878 _d3878 |
||
| 856 |
_uhttp://koha.tu.koszalin.pl/cgi-bin/koha/opac-detail.pl?biblionumber=3878 _yKatalog online BPK |
||